00825cam a22002531 4500001001300000003000400013005001700017008004100034010001700075040001800092043001200110050003100122100003300153245002900186260005000215300003000265490004200295500005900337504003100396651005100427610002700478651004900505999001700554sd 50000131 DLC20260227112736.0800221s1950 nyu b 000 0 eng  asd 50000131  aDLCcDLCdDLC aaw-----00aD410b.F65 vol. 25, no. 201 aHurewitz, J. C.,d1914-2008.10aCrisis in the Arab East. aNew York,bForeign Policy Association,c1950. a[246]-255, [1] p.c27 cm.0 aForeign policy reports, v. 25, no. 20 a"The Clapp mission report, by Miriam Freund": p. [256] aBibliographical footnotes. 0aArab countriesxPolitics and governmenty1945-20aLeague of Arab States. 0aMiddle EastxEconomic conditionsy1945-1979. c90029d90029